2013 WBC Dominican Republic Champion Team - Statistics

General Stats
  • This quiz has been taken 7 times
  • The average score is 5 of 29
Answer Stats
# Pos. Player Team % Correct
41 C Carlos Santana Cleveland Indians
71%
24 2B Robinson Canó New York Yankees
71%
7 SS Jose Reyes Toronto Blue Jays
57%
10 1B Edwin Encarnacion Toronto Blue Jays
43%
13 SS Hanley Ramirez Los Angeles Dodgers
43%
52 2B Leury Garcia Texas Rangers
43%
51 P Wandy Rodriguez Pittsburgh Pirates
43%
2 SS Erick Aybar Los Angeles Angels of Anaheim
29%
56 P Fernando Rodney Tampa Bay Rays
29%
17 OF Nelson Cruz Texas Rangers
29%
20 P Octavio Dotel Detroit Tigers
29%
65 P Atahualpa Severino Kansas City Royals
14%
4 2B Miguel Tejada Kansas City Royals
14%
21 P Samuel Deduno Minnesota Twins
14%
30 OF Alejandro De Aza Chicago White Sox
0%
31 P Alfredo Simon Cincinnati Reds
0%
45 P Angel Castro Softbank Hawks
0%
37 P Edinson Volquez San Diego Padres
0%
22 OF Eury Pérez Washington Nationals
0%
25 C Francisco Peña New York Mets
0%
48 P Jose Veras Houston Astros
0%
36 P Juan Cedeno New York Yankees
0%
40 P Kelvin Herrera Kansas City Royals
0%
75 P Lorenzo Barcelo Free Agent
0%
14 OF Moises Sierra Toronto Blue Jays
0%
46 P Pedro Strop Baltimore Orioles
0%
32 OF Ricardo Nanita Toronto Blue Jays
0%
44 P Santiago Casilla San Francisco Giants
0%
Mng Tony Peña
0%
No matching quizzes found
Score Distribution
Percent of People with Each Score
Percentile by Number Answered
Your Score History
You have not taken this quiz